| 000 | 00687nam a2200169 a 4500 | ||
|---|---|---|---|
| 001 | 000027896 | ||
| 005 | 20200930031201.0 | ||
| 008 | 110405s1970 dr r 000 0 spa d | ||
| 040 |
_aDO-SdBNP _bspa _cBNPHU |
||
| 111 | 1 |
_aCongreso de la federación venezolanade abogados _c(Venezuela _d1970 _n2:) _954964 |
|
| 245 | 1 | 0 |
_aEstado de la profesión de abogado en la República Dominicana / _cLuz Bethania Pelaez Ortíz de Pina. |
| 260 |
_aValencia, Venezuela : _bColegio de Abogados, _c1970. |
||
| 300 |
_a8 p. ; _c19 cm. |
||
| 490 | 1 |
_aPublicaciones del Colegio de Abogados _v4 |
|
| 700 | 1 |
_aLuz Bethania, Pelaez Ortíz de Pina _954965 |
|
| 830 | 0 |
_aPublicaciones del Colegio de Abogados _n4 _954966 |
|
| 999 |
_c27388 _d27388 |
||